Missing links in search of human origins (Record no. 77698)

MARC details
000 -LEADER
fixed length control field 01534nam a2200241 a 4500
008 - FIXED-LENGTH DATA ELEMENTS--GENERAL INFORMATION
fixed length control field 150615s2011 ||||||||||||||||| || u
020 ## - INTERNATIONAL STANDARD BOOK NUMBER
International Standard Book Number 9780199276851
050 ## - LIBRARY OF CONGRESS CALL NUMBER
Classification number GN 282 Rea
100 ## - MAIN ENTRY--PERSONAL NAME
Personal name Reader, John
245 10 - TITLE STATEMENT
Title Missing links in search of human origins
Statement of responsibility, etc. by John Reader
260 ## - PUBLICATION, DISTRIBUTION, ETC.
Place of publication, distribution, etc. Oxford:
Name of publisher, distributor, etc. Oxford University Press
Date of publication, distribution, etc. 2011
300 ## - PHYSICAL DESCRIPTION
Extent xvii, 538p.: ill
350 ## -
-- 34.95
650 ## - SUBJECT ADDED ENTRY--TOPICAL TERM
Topical term or geographic name entry element ANTHROPOLOGY, PREHISTORIC
650 ## - SUBJECT ADDED ENTRY--TOPICAL TERM
Topical term or geographic name entry element FOSSIL HOMINIDS
650 ## - SUBJECT ADDED ENTRY--TOPICAL TERM
Topical term or geographic name entry element PALEOANTHROPOLOGY--HISTORY
995 ## -
-- MEDICAL LIBRARY OPEN ACCESS
-- 903128
-- CBU-SCHOOL OF MEDICINE LIBRARY (Ndola)
-- 34.95
-- GN 282 Rea
-- 6
-- AVAILABLE
-- Aug 20, 2015
-- 903128
-- Medical Library Open Access Collection
995 ## -
-- ANNEX COLLECTION (Main Library)
-- 745625
-- CBU-MAIN LIBRARY (Kitwe)
-- 34.95
-- GN 282 Rea
-- 3
-- AVAILABLE
-- Aug 20, 2015
-- 745625
-- Annex Low-Usage Collection
995 ## -
-- MAIN LIBRARY OPEN ACCESS
-- 745626
-- CBU-MAIN LIBRARY (Kitwe)
-- 34.95
-- GN 282 Rea
-- 4
-- AVAILABLE
-- Aug 20, 2015
-- 745626
-- Main Library Open Access Collection
995 ## -
-- ANNEX COLLECTION (Main Library)
-- 745623
-- CBU-MAIN LIBRARY (Kitwe)
-- 34.95
-- GN 282 Rea
-- 1
-- AVAILABLE
-- Aug 20, 2015
-- 745623
-- Annex Low-Usage Collection
995 ## -
-- MAIN LIBRARY OPEN ACCESS
-- 745624
-- CBU-MAIN LIBRARY (Kitwe)
-- 34.95
-- GN 282 Rea
-- 2
-- AVAILABLE
-- Aug 20, 2015
-- 745624
-- Main Library Open Access Collection
995 ## -
-- MEDICAL LIBRARY OPEN ACCESS
-- 903127
-- CBU-SCHOOL OF MEDICINE LIBRARY (Ndola)
-- 34.95
-- GN 282 Rea
-- 5
-- AVAILABLE
-- Aug 20, 2015
-- 903127
-- Medical Library Open Access Collection
999 ## -
-- 77698
-- 77698
Holdings
Withdrawn status Lost status Source of classification or shelving scheme Damaged status Not for loan Permanent Location Current Location Shelving location Date acquired Total Checkouts Full call number Barcode Date last seen Copy number Price effective from Koha item type
          CBU-MAIN LIBRARY, KITWE. CBU-MAIN LIBRARY, KITWE.   05/03/2023   GN 282 Rea 745625 05/03/2023 2 05/03/2023 MONOGRAPH
          CBU-MAIN LIBRARY, KITWE. CBU-MAIN LIBRARY, KITWE.   05/03/2023   GN 282 Rea 745626 05/03/2023 3 05/03/2023 MONOGRAPH
          CBU-MAIN LIBRARY, KITWE. CBU-MAIN LIBRARY, KITWE.   05/03/2023   GN 282 Rea 745623 05/03/2023 4 05/03/2023 MONOGRAPH
          CBU-MAIN LIBRARY, KITWE. CBU-MAIN LIBRARY, KITWE.   05/03/2023   GN 282 Rea 745624 05/03/2023 5 05/03/2023 MONOGRAPH
          CBU-SCHOOL OF MEDICINE LIBRARY, NDOLA. CBU-SCHOOL OF MEDICINE LIBRARY, NDOLA.   05/03/2023   GN 282 Rea 903128 05/03/2023 1 05/03/2023 MONOGRAPH
          CBU-SCHOOL OF MEDICINE LIBRARY, NDOLA. CBU-SCHOOL OF MEDICINE LIBRARY, NDOLA.   05/03/2023   GN 282 Rea 903127 05/03/2023 6 05/03/2023 MONOGRAPH